5 Pays les plus récents par continent - Statistiques

Statistiques générales
  • Ce quiz a été pris 110 fois
    107 depuis la dernière actualisation
  • Le résultat moyen est 17 sur 30
Statistiques - réponses
Continent Année Pays % Correct
Europe 2008 Kosovo
89%
Amérique du Sud 1975 Suriname
81%
Amérique du Sud 1966 Guyana
76%
Amérique du Sud 1844 Chili
73%
Amérique du Sud 1830 Equateur
73%
Europe 2006 Monténégro
73%
Afrique 2011 Soudan du Sud
73%
Amérique du Sud 1879 Pérou
70%
Amérique du Nord 1979 Sainte-Lucie
67%
Europe 1992 Bosnie-Herzégovine
65%
Amérique du Nord 1983 Saint-Christophe-et-Niévès
65%
Amérique du Nord 1979 Saint-Vincent-et-les Grenadines
63%
Océanie 1980 Vanuatu
58%
Océanie 1994 Palaos
57%
Amérique du Nord 1981 Belize
56%
Amérique du Nord 1981 Antigua-et-Barbuda
54%
Océanie 1979 Kiribati
53%
Océanie 1986 États fédérés de Micronésie
51%
Océanie 1986 Iles Marshall
51%
Europe 1993 Slovaquie
49%
Asie 1991 Tadjikistan
47%
Europe 1993 République Tchèque
46%
Asie 1991 Turkménistan
44%
Asie 1991 Azerbaïdjan
42%
Asie 1991 Kazakhstan
42%
Afrique 1993 Erythrée
41%
Asie 2002 Timor Oriental
41%
Afrique 1977 Djibouti
34%
Afrique 1990 Namibie
19%
Afrique 1980 Zimbabwe
16%
Aucun quiz correspondant
Distribution des résultats
% des personnes avec chaque résultat
Percentile par nombre de réponses
Votre historique - résultats
Vous n’avez pas pris ce quiz depuis la dernière actualisation